Elementos de la tabla periódica - Estadísticas

Estadísticas generales
  • Esta prueba ha sido intentada 1.688 veces
    1.211 desde el último reinicio
  • La puntuación promedio es 66 de 118
Estadísticas de respuestas
Elemento % Correcto
Hidrógeno
95%
Oxígeno
92%
Helio
90%
Plata
90%
Oro
89%
Potasio
89%
Sodio
89%
Litio
88%
Magnesio
85%
Nitrógeno
85%
Cobre
84%
Calcio
83%
Carbono
83%
Boro
82%
Hierro
81%
Neón
81%
Radio
80%
Flúor
79%
Francio
79%
Xenón
79%
Berilio
78%
Yodo
78%
Aluminio
76%
Argón
76%
Azufre
76%
Fósforo
76%
Manganeso
76%
Bromo
75%
Mercurio
75%
Cloro
74%
Platino
74%
Radón
73%
Zinc
73%
Uranio
72%
Bario
70%
Cesio
70%
Kriptón
70%
Cobalto
68%
Cromo
68%
Galio
68%
Plomo
68%
Estaño
67%
Estroncio
67%
Rubidio
67%
Titanio
67%
Germanio
66%
Níquel
66%
Polonio
66%
Selenio
66%
Plutonio
65%
Silicio
65%
Arsénico
63%
Indio
62%
Vanadio
62%
Volframio
60%
Cadmio
59%
Paladio
59%
Telurio
56%
Einstenio
55%
Astato
54%
Rodio
54%
Antimonio
53%
Bismuto
53%
Escandio
51%
Itrio
51%
Neptunio
51%
Talio
51%
Actinio
50%
Californio
50%
Iridio
50%
Lantano
49%
Americio
48%
Circonio
48%
Curio
48%
Europio
48%
Osmio
48%
Rutherfordio
48%
Tantalio
47%
Molibdeno
46%
Mendelevio
45%
Torio
43%
Lawrencio
42%
Renio
42%
Cerio
41%
Niobio
41%
Tecnecio
41%
Berkelio
39%
Hafnio
38%
Lutecio
38%
Moscovio
38%
Nobelio
38%
Rutenio
38%
Samario
38%
Tulio
37%
Erbio
35%
Iterbio
35%
Protactinio
35%
Fermio
34%
Oganesón
34%
Copernicio
33%
Terbio
33%
Bohrio
32%
Neodimio
32%
Praseodimio
31%
Dubnio
30%
Holmio
30%
Gadolinio
29%
Roentgenio
29%
Hassio
28%
Prometio
27%
Disprosio
26%
Seaborgio
24%
Livermorio
23%
Flerovio
22%
Darmstadtio
19%
Meitnerio
18%
Nihonio
18%
Tenesino
6%
No se encontraron pruebas coincidentes
Distribución de puntuación
Porcentaje de gente con cada puntuación
Porcentaje por número respondido
Historial de tus puntuaciones
No has intentado esta prueba desde el último reinicio